[Event "Mittelfranken-ch QT 56th"]
[Site "Postbauer"]
[Date "2007.04.05"]
[Round "3"]
[White "Fischer, Max1"]
[Black "Stefan, Johann"]
[Result "1-0"]
[WhiteElo "1581"]
[BlackElo "1545"]
[PlyCount "107"]
[EventDate "2007.04.04"]
[EventType "swiss"]
[EventRounds "7"]
[EventCountry "GER"]
[SourceTitle "EXT 2015"]
[Source "ChessBase"]
[SourceDate "2014.11.20"]
[SourceVersion "1"]
[SourceVersionDate "2014.11.20"]
[SourceQuality "1"]

1. e4 e6 2. Nf3 d5 3. e5 c5 4. c3 Nc6 5. d4 Bd7 6. b3 cxd4 7. cxd4 Qb6 8. Bb2 Nge7 9. Bd3 Ng6 10. Bxg6 fxg6 11. 0-0 Be7 12. Nc3 0-0 13. Na4 Qd8 14. Nc5 b6 15. Nxd7 Qxd7 16. a3 Rac8 17. b4 Rc7 18. Rc1 Rfc8 19. Qd2 Nd8 20. Rxc7 Rxc7 21. Rc1 Nf7 22. Rxc7 Qxc7 23. Qc1 Qxc1+ 24. Bxc1 Nd8 25. b5 h6 26. a4 Bb4 27. h4 Nb7 28. Bd2 Bxd2 29. Nxd2 Na5 30. Kf1 g5 31. hxg5 hxg5 32. g4 Kf7 33. Ke2 Kg6 34. Kd3 Kf7 35. Kc3 Kg6 36. Kb4 Kf7 37. Nb3 Nc4 38. a5 Ke7 39. a6 Kd7 40. Nc1 Nd2 41. Ne2 Ne4 42. f3 Nd2 43. Ng1 Nc4 44. Nh3 Ne3 45. Nxg5 Ng2 46. Nf7 Nh4 47. f4 Ng2 48. f5 exf5 49. gxf5 Ne3 50. f6 gxf6 51. exf6 Ng4 52. Ne5+ Nxe5 53. dxe5 Ke6 54. Kc3 1-0

[Event "Mittelfranken-ch QT 56th"]
[Site "Postbauer"]
[Date "2007.04.04"]
[Round "2"]
[White "Stefan, Johann"]
[Black "Diebel, Guenter"]
[Result "0-1"]
[WhiteElo "1545"]
[BlackElo "1690"]
[PlyCount "152"]
[EventDate "2007.04.04"]
[EventType "swiss"]
[EventRounds "7"]
[EventCountry "GER"]
[SourceTitle "EXT 2015"]
[Source "ChessBase"]
[SourceDate "2014.11.20"]
[SourceVersion "1"]
[SourceVersionDate "2014.11.20"]
[SourceQuality "1"]

1. e4 d5 2. exd5 Qxd5 3. Nc3 Qa5 4. Nf3 Bg4 5. Be2 Nf6 6. 0-0 Nc6 7. a3 e6 8. d3 Bd6 9. h3 Bh5 10. b4 Bxb4 11. Na2 Bd6 12. Bd2 Qc5 13. Nc3 Ne5 14. Na4 Nxf3+ 15. Bxf3 Qe5 16. g3 Bxf3 17. Qxf3 0-0 18. c4 b6 19. Bc3 Qh5 20. g4 Qg6 21. Bxf6 gxf6 22. Nc3 Be5 23. Rac1 Rad8 24. Rfd1 f5 25. Rc2 h5 26. Kh1 fxg4 27. hxg4 hxg4 28. Qe4 Qh5+ 29. Kg1 Qh2+ 30. Kf1 f5 31. Qg2 Qxg2+ 32. Kxg2 Bxc3 33. Rxc3 Kf7 34. f3 gxf3+ 35. Kxf3 Kf6 36. d4 Rh8 37. Rcd3 Rh3+ 38. Kf4 Rh4+ 39. Ke3 Re4+ 40. Kf3 Rh8 41. Rg1 Rh3+ 42. Rg3 Rxg3+ 43. Kxg3 Rg4+ 44. Kh3 Kg5 45. d5 exd5 46. cxd5 f4 47. d6 Rh4+ 48. Kg2 cxd6 49. Rxd6 Rh7 50. a4 Kg4 51. Rg6+ Kf5 52. Rg8 Re7 53. Rf8+ Ke4 54. Kf2 Re5 55. Rc8 a5 56. Rc4+ Kf5 57. Rc8 Re4 58. Rb8 Rb4 59. Kf3 Rb3+ 60. Ke2 Re3+ 61. Kf2 Re6 62. Kf3 Rf6 63. Rc8 Ke5 64. Rc7 Kd5 65. Rc2 Rc6 66. Rb2 Rf6 67. Rc2 Rh6 68. Rb2 Kc6 69. Rb5 Rh3+ 70. Kg4 Ra3 71. Rf5 Rxa4 72. Rf6+ Kb7 73. Rf5 Rb4 74. Kf3 Ka6 75. Ke2 Rd4 76. Ke1 a4 0-1

[Event "Mittelfranken-ch QT 55th"]
[Site "Postbauer"]
[Date "2006.04.13"]
[Round "3"]
[White "Stefan, Johann"]
[Black "Dreiseitel, Werner"]
[Result "1/2-1/2"]
[WhiteElo "1551"]
[BlackElo "1298"]
[PlyCount "97"]
[EventDate "2006.04.12"]
[EventType "swiss"]
[EventRounds "7"]
[EventCountry "GER"]
[SourceTitle "EXT 2015"]
[Source "ChessBase"]
[SourceDate "2014.11.20"]
[SourceVersion "1"]
[SourceVersionDate "2014.11.20"]
[SourceQuality "1"]

1. e4 c6 2. d4 d5 3. e5 Bf5 4. Bd3 Bxd3 5. Qxd3 e6 6. Nf3 Ne7 7. 0-0 Nf5 8. c3 c5 9. a3 Nc6 10. Nbd2 cxd4 11. cxd4 Qb6 12. Nb3 Be7 13. g4 Nh4 14. Nxh4 Bxh4 15. Be3 Be7 16. Rab1 0-0 17. Kg2 Rfc8 18. f4 Rc7 19. f5 Rac8 20. f6 Bf8 21. Rf2 Na5 22. Nxa5 Qxa5 23. Rbf1 g6 24. g5 Qa4 25. h4 Rc2 26. Rxc2 Qxc2+ 27. Qxc2 Rxc2+ 28. Rf2 Rc4 29. Kf1 b5 30. Ke1 b4 31. axb4 Rxb4 32. Kd1 Rc4 33. Rc2 Rxc2 34. Kxc2 Bb4 35. Bd2 Bxd2 36. Kxd2 Kf8 37. Kc3 Ke8 38. Kb4 Kd7 39. Kc5 Kc7 40. Kb5 Kb7 41. b4 Kc7 42. Ka6 Kb8 43. b5 Ka8 44. Ka5 Kb7 45. Kb4 Kb6 46. Ka4 a6 47. bxa6 Kxa6 48. Kb4 Kb6 49. Ka3 1/2-1/2

[Event "Mittelfranken-ch QT 53rd"]
[Site "Lauf"]
[Date "2004.04.10"]
[Round "7"]
[White "Stefan, Johann"]
[Black "Corral, Carlos"]
[Result "0-1"]
[WhiteElo "1467"]
[BlackElo "1810"]
[PlyCount "68"]
[EventDate "2004.04.07"]
[EventType "swiss"]
[EventRounds "7"]
[EventCountry "GER"]
[SourceTitle "EXT 2015"]
[Source "ChessBase"]
[SourceDate "2014.11.20"]
[SourceVersion "1"]
[SourceVersionDate "2014.11.20"]
[SourceQuality "1"]

1. e4 c5 2. Nc3 Nc6 3. g3 g6 4. Bg2 Bg7 5. d3 e6 6. Nge2 Nge7 7. 0-0 d6 8. Rb1 0-0 9. Be3 Nd4 10. Qd2 e5 11. h3 Bxh3 12. Bxd4 Bxg2 13. Kxg2 cxd4 14. Nd1 Rc8 15. c3 dxc3 16. Ndxc3 d5 17. Rbd1 Qd7 18. exd5 Nxd5 19. Ne4 f5 20. N4c3 Rfd8 21. Kg1 Nb4 22. Nc1 Nc6 23. Qe3 a6 24. a3 Nd4 25. N1e2 Qc6 26. f4 exf4 27. Nxf4 Re8 28. Qf2 Rcd8 29. Qg2 Qxg2+ 30. Kxg2 Nc2 31. Ncd5 g5 32. Kf3 gxf4 33. Rf2 Nd4+ 34. Kg2 f3+ 0-1

[Event "Mittelfranken-ch QT 53rd"]
[Site "Lauf"]
[Date "2004.04.09"]
[Round "6"]
[White "Zippel, Harald"]
[Black "Stefan, Johann"]
[Result "0-1"]
[WhiteElo "1748"]
[BlackElo "1467"]
[PlyCount "68"]
[EventDate "2004.04.07"]
[EventType "swiss"]
[EventRounds "7"]
[EventCountry "GER"]
[SourceTitle "EXT 2015"]
[Source "ChessBase"]
[SourceDate "2014.11.20"]
[SourceVersion "1"]
[SourceVersionDate "2014.11.20"]
[SourceQuality "1"]

1. e4 e6 2. d4 d5 3. exd5 exd5 4. Bd3 Nf6 5. Nf3 h6 6. 0-0 Be7 7. h3 0-0 8. Nc3 Nc6 9. Bf4 a6 10. Ne2 Re8 11. c3 Bd6 12. Qd2 Bxf4 13. Nxf4 Ne7 14. Qc2 Qd6 15. Ne5 c5 16. b3 b5 17. Rfe1 c4 18. bxc4 dxc4 19. Bf1 Bf5 20. Qd2 Nc6 21. Nxc6 Qxc6 22. g4 Be4 23. Bg2 Bxg2 24. Nxg2 Rad8 25. Rxe8+ Rxe8 26. a4 Qf3 27. Ne3 Ne4 28. Qc2 Qxh3 29. axb5 axb5 30. Ra5 Ng5 31. f3 Qxf3 32. Ng2 Qg3 33. Kf1 Nh3 34. Qf5 Qxc3 0-1

[Event "Mittelfranken-ch QT 52nd"]
[Site "Uttenreuth"]
[Date "2003.04.17"]
[Round "4"]
[White "Muenzenberg, Dietrich"]
[Black "Stefan, Johann"]
[Result "1-0"]
[WhiteElo "1646"]
[BlackElo "1288"]
[PlyCount "47"]
[EventDate "2003.04.16"]
[EventType "swiss"]
[EventRounds "7"]
[EventCountry "GER"]
[SourceTitle "EXT 2015"]
[Source "ChessBase"]
[SourceDate "2014.11.20"]
[SourceVersion "1"]
[SourceVersionDate "2014.11.20"]
[SourceQuality "1"]

1. d4 Nf6 2. Bg5 Ne4 3. Bf4 g6 4. Nd2 Nf6 5. e4 d5 6. Bd3 Bg7 7. c3 0-0 8. Ne2 Nbd7 9. Ng3 e5 10. Be3 Ng4 11. Qxg4 Nf6 12. Qe2 Ng4 13. 0-0-0 Nxe3 14. fxe3 exd4 15. exd4 Qg5 16. Kb1 Bg4 17. Nf3 Bxf3 18. Qxf3 c6 19. h4 Qe7 20. h5 a5 21. Rdf1 h6 22. Qg4 g5 23. Nf5 Qd7 24. Nxh6+ 1-0

[Event "Mittelfranken-ch QT 52nd"]
[Site "Uttenreuth"]
[Date "2003.04.16"]
[Round "1"]
[White "Stefan, Johann"]
[Black "Weissmann, Peter"]
[Result "1/2-1/2"]
[WhiteElo "1288"]
[BlackElo "1790"]
[PlyCount "59"]
[EventDate "2003.04.16"]
[EventType "swiss"]
[EventRounds "7"]
[EventCountry "GER"]
[SourceTitle "EXT 2015"]
[Source "ChessBase"]
[SourceDate "2014.11.20"]
[SourceVersion "1"]
[SourceVersionDate "2014.11.20"]
[SourceQuality "1"]

1. e4 c5 2. Nc3 Nc6 3. g3 g6 4. Bg2 Bg7 5. Nge2 d6 6. d3 Bg4 7. h3 Bxe2 8. Nxe2 Nf6 9. Rb1 Qa5+ 10. Nc3 Rb8 11. 0-0 0-0 12. a3 a6 13. Bd2 Qd8 14. Be3 Nd7 15. Qd2 b5 16. Ne2 Nb6 17. Bh6 e6 18. Bxg7 Kxg7 19. f4 Ne7 20. g4 f5 21. exf5 exf5 22. g5 Qd7 23. h4 Rbe8 24. Rbe1 Ned5 25. Nc3 Nxc3 26. Qxc3+ Kg8 27. Rxe8 Rxe8 28. Re1 Rxe1+ 29. Qxe1 Kf7 30. Qa5 1/2-1/2